Taylor Swift songs that start with "L" - Statistics

General Stats
  • This quiz has been taken 24 times
  • The average score is 7 of 11
Answer Stats
Answer % Correct
Last Kiss
88%
Lover
81%
Love Story
81%
Lavender Haze
75%
Long Live
75%
Labyrinth
69%
London Boy
69%
Look What You Made Me Do
69%
loml
50%
long story short
50%
Last Christmas
38%
No matching quizzes found
Score Distribution
Percent of People with Each Score
Percentile by Number Answered
Your Score History
You have not taken this quiz